Anagrammes - Prénoms masculins - Série 16 - Statistiques

Statistiques générales
  • Ce quiz a été pris 160 fois
  • Le résultat moyen est 7 sur 10
Statistiques - réponses
Anagramme Prénom % Correct
SOPHEJ Joseph
97%
CASHA Sacha
94%
RHEIN Henri
77%
HAMATIS Mathias
73%
TOMATE Matteo
71%
NOYANTH Anthony
59%
HARGUTIE Gauthier
57%
MAMELUNE Emmanuel
52%
DOURADE Edouard
50%
GONMAR Morgan
31%
Aucun quiz correspondant
Distribution des résultats
% des personnes avec chaque résultat
Percentile par nombre de réponses
Votre historique - résultats
Vous n’avez pas pris ce quiz